000 02683nam a22003497i 4500
001 B-12604
003 CO-BoFNCP
007 t||
008 090928s2008 my r eng d
040 _aCO-BoFNCP
_bspa
_cCO-BoFNCP
_erda
041 _aeng
043 _amy
084 _aA-
100 1 _aSuboh, Ismail
_941294,
_eautor.
_4aut
245 1 0 _aPotentials for integration in oil palm plantations.
264 4 _c©2008
300 _apáginas 303-319 :
_bTablas, gráficos.
336 _atexto
_btxt
_2rdacontent
337 _asin mediación
_bn
_2rdamedia
338 _avolumen
_bnc
_2rdacarrier
504 _aIncluye referencias bibliográficas.
520 _aCrops and livestock integration with oil palm is one of the thrust areas in the Malaysian Palm Oil Board's (MPOB) research programmes as outlined in its strategic plan. It is in line with ensuring the hihg income strategy as envisaged by MPOB and the national aspiration to achieve self-sufficiency in food production. Integration of crops or livestock with oil palm is possible since sunlight can penetrate the oil palm canopy especially during the immature stage enabling other crops to be grown between rows of oil palm. At the mature stage, some light still can penetrate to the ground and allow several types of vegetation/weeds to grow which can be used as forage for livestock. The integration of crops and livestock generates additional income to the oil palm growers and improves productivity of the land. Various studies have shown that several cash crops are capable of generating additional income of between RM175-RM870 per hectare per month when integrated with oil palm. To be feasible and economically viable, suitable crops or livestock and their production systems need to be well established. Crops integration is limited to the first two years of oil palm planting. To extend the integration further, oil palm is planted in double avenue planting system. This planting system allows higher light penetration and provides wider space between two palm avenues. Observations have shown that in a field of five-year oil palm, there is still about 25-30 percent of the area available for cultivation of crops. Early results indicate that the oil palm yield in double avenue is comparable to that planted using the conventional triangular system.
650 0 _aCultivo.
_97424
650 0 _aSistema integrado
_935705.
650 0 _aPalma de aceite
_937678.
700 1 _aKamil, Azmi Tohiran
_941292.
700 1 _aRaja Zulkifli, Raja Omar
_941293.
773 0 _aThe Planter (Malasia)
_gv. 84, no. 986 (2008), p.303-319
_wA-
_x0126-575x
942 _2z
_c1
999 _c26576
_d26576
999 _z1